| 000 | 01263nam a2200265Ia 4500 | ||
|---|---|---|---|
| 999 |
_c38582 _d38582 |
||
| 001 | 4699 | ||
| 003 | GE_BSU | ||
| 005 | 20190731111717.0 | ||
| 008 | 181216s2008||||ge |||||||||||||| ||geo|| | ||
| 020 | _a978994190350 | ||
| 040 | _cGE_BSU | ||
| 041 | _ageo | ||
| 080 | _a58(075.8) + 581.8 + 581.4 ღ–44 | ||
| 100 |
_aღვალაძე, გურანდა _93351 |
||
| 245 |
_aმცენარეთა გამრავლება : _bსახელმძღვ. / _cგურანდა ღვალაძე ; რედ. : მაია ახალკაცი, ნანი ჭელიძე |
||
| 264 |
_aთბილისი : _bი. ჭავჭავაძის უნ-ტის გამ-ბა ; _c2008. |
||
| 300 |
_a129 გვ. : _bსურათები ; გარეკანზე სათ. : ბოტანიკა ; _c 26 სმ. |
||
| 504 | _aბიბლიოგრ. : გვ. 124 | ||
| 520 | _aრეზ. ინგლ. | ||
| 541 | _h6 ლ. | ||
| 653 | _aმცენარეთა გამრავლება | ||
| 700 |
_a ახალკაცი, მაია _eრედაქტორი _93352 |
||
| 700 |
_aჭელიძე, ნანი _eრედაქტორი _93353 |
||
| 942 |
_cBK _2udc |
||